000 00223nam a2200097Ia 4500
008 240331s9999 xx 000 0 und d
082 _bNAD
100 _aNandarajah,K.S.
245 0 _aVaiya patal of vaiyapuri aiyar
942 _cL
999 _c4754
_d4754